• 首页
  • 本馆介绍
  • 公告通知
  • 最新文献
  • 馆藏检索
  • 电子资源
  • 读者导购
  • 参考咨询
  • 我的图书馆
  • 登录
  • 详细信息显示
  • 放入我的书架
  • 预约/预借图书
  • 作者相关作品
  • 分类相关作品
  • 丛书相关作品
  • 出版社相关作品

书目信息

  • 表格格式
  • 工作单格式
  • 卡片格式
题名:
“一带一路”:构建全方位开放新格局
    
 
作者: 张燕生 主编 ;国家发展改革委 编
分册:  
出版信息: 北京   中国计划出版社  2015
页数: 253页
开本: 24cm
丛书名:
单 册:
中图分类: F125.4
科图分类:
主题词: 对外经济合作--dui wai jing ji he zuo--研究--中国
电子资源:
ISBN: 978-7-5182-0227-0
000 01051nam0 22002651 450
001 1731221635
005 20170602161150.0
010    @a978-7-5182-0227-0@dCNY68.00
100    @a20151105d2015 em y0chiy50 ea
101 0  @achi
102    @aCN@b110000
105    @aa z 000yy
106    @ar
200 1  @a“一带一路”:构建全方位开放新格局@Ayi dai yi lu gou jian quan fang wei kai fang xin ge ju@f国家发展和改革委员会学术委员会办公室编
210    @a北京@c中国计划出版社@d2015
215    @a253页@c图@d24cm
300    @a天下丝路
314    @a主编:张燕生
330    @a本书共分为11个部分,主要内容包括:举全国之力推进“一带一路”建设、举全国之力推进“一带一路”建设——培育国际合作竞争新优势、举全国之力推进“一带一路”建设——健全投融资机制等。
606 0  @a对外经济合作@Adui wai jing ji he zuo@x研究@y中国
690    @aF125.4@v5
701  0 @a张燕生@Azhang yan sheng@c(研究员)@4主编
712 02 @a国家发展改革委@Aguo jia fa zhan gai ge wei@b学术委员会@b办公室@4编
801  0 @aCN@bTANG WEI@c20170527
905    @b0970143-7@dF125.4@e288@f5
    
    “一带一路”:构建全方位开放新格局/国家发展和改革委员会学术委员会办公室编.-北京:中国计划出版社,2015
    253页:图;24cm
    天下丝路
    
    ISBN 978-7-5182-0227-0:CNY68.00
    本书共分为11个部分,主要内容包括:举全国之力推进“一带一路”建设、举全国之力推进“一带一路”建设——培育国际合作竞争新优势、举全国之力推进“一带一路”建设——健全投融资机制等。
●
相关链接 在E读中查询图书 在五车中查询图书 在当当中查询图书 在豆瓣中查询图书


正题名:"一带一路":构建全方位开放新格局     索取号:F125.4/288         预约/预借

序号 登录号 条形码 馆藏地/架位号 状态 备注
1 0970143   209701438   第一样本阅览室/ [索取号:F125.4/288] 在馆    
2 0970144   209701447   密集书库-海洋学院/ [索取号:F125.4/288] 在馆    
3 0970145   209701456   第一借阅区/ [索取号:F125.4/288] 在馆    
4 0970146   209701465   第一借阅区/ [索取号:F125.4/288] 在馆    
5 0970147   209701474   第一借阅区/ [索取号:F125.4/288] 在馆    
唐山师范学院图书馆 欢迎您!
大连网信软件有限公司© 版权所有